[Event "Aut_2.Bundesliga_Ost_2003/04"]
[Site "Bruck/Leitha (1+2), Wien (3+4), Eichgraben (5-7), Wien (8+9), Eichgraben (10+11)"]
[Date "2003.12.06"]
[Round "5"]
[Board "4"]
[White "Achs, Reinhold"]
[Black "Sandhu, Mario"]
[Result "1-0"]
[WhiteElo "2140"]
[BlackElo "2338"]
[PlyCount "83"]

1.e4 c6 2.Nc3 d5 3.Nf3 Bg4 4.h3 Bxf3 5.Qxf3 e6 6.d3 Nd7 7.Bd2 Ngf6 8.g4 h6 9.Qg2
Bb4 10.f4 dxe4 11.dxe4 Qc7 12.g5 hxg5 13.fxg5 Nh5 14.O-O-O g6 15.Kb1 O-O-O
16.Nb5 cxb5 17.Bxb4 Ne5 18.Bxb5 Qb6 19.a4 a6 20.Bc3 Qc5 21.Bd3 Nf4 22.Qg3 Nexd3
23.cxd3 Ne2 24.Qe1 Nxc3+ 25.Qxc3 Qxc3 26.bxc3 Rh4 27.Kc2 Kd7 28.Rdf1 Ke7 29.Rf3
Rd7 30.c4 Kd6 31.Kc3 Ke7 32.c5 Rc7 33.Kb4 Rh8 34.Rhf1 Rf8 35.d4 Rd7 36.Rd1 Kd8
37.d5 Kc7 38.d6+ Kc6 39.a5 Rc8 40.Rb1 Rf8 41.Kc4 Rdd8 42.Rb6+

[Event "Aut_2.Bundesliga_Ost_2003/04"]
[Site "Bruck/Leitha (1+2), Wien (3+4), Eichgraben (5-7), Wien (8+9), Eichgraben (10+11)"]
[Date "2003.12.06"]
[Round "5"]
[Board "5"]
[White "Hansen, Kay"]
[Black "Plank, Franz"]
[Result "1/2-1/2"]
[WhiteElo "2242"]
[BlackElo "2236"]
[PlyCount "116"]

1.d4 d5 2.c4 e6 3.Nf3 c6 4.cxd5 exd5 5.Nc3 Bf5 6.Bf4 Nd7 7.e3 Ngf6 8.a3 Be7 9.h3
Ne4 10.Nxe4 Bxe4 11.Be2 a5 12.O-O O-O 13.Rc1 Qb6 14.Bd3 Bxd3 15.Qxd3 Qa6 16.Qc2
Qb5 17.Ng5 Bxg5 18.Bxg5 Rfe8 19.b3 Nf8 20.Bf4 Ne6 21.Bd6 Red8 22.a4 Qa6 23.Ba3
Rac8 24.f4 Nc7 25.Rf3 Ne8 26.Qf5 Rc7 27.Rg3 Qa8 28.Qe5 Qc8 29.Bc5 f6 30.Qh5 Rf7
31.Bb6 Rdd7 32.Bxa5 Rfe7 33.Bb4 Nd6 34.Bxd6 Rxd6 35.b4 Qa8 36.a5 Qa6 37.Qd1 Rde6
38.Kf2 Qb5 39.Rb1 b6 40.Qe2 bxa5 41.Qxb5 cxb5 42.bxa5 Rb7 43.Ke2 Ra6 44.e4 dxe4
45.Rgb3 Rxa5 46.g4 g6 47.f5 Kf7 48.Ke3 gxf5 49.gxf5 Ke7 50.Rc1 b4 51.Rc4 Rab5
52.Kxe4 Kd6 53.Kd3 Rxf5 54.Rbxb4 Rf3+ 55.Ke4 Rxb4 56.Rxb4 Rxh3 57.Rb6+ Kd7
58.Kf5 Rh5+

[Event "Aut_2.Bundesliga_Ost_2003/04"]
[Site "Bruck/Leitha (1+2), Wien (3+4), Eichgraben (5-7), Wien (8+9), Eichgraben (10+11)"]
[Date "2003.12.06"]
[Round "5"]
[Board "6"]
[White "Allacher, Erwin"]
[Black "Hofbauer, Martin"]
[Result "0-1"]
[WhiteElo "2174"]
[BlackElo "2267"]
[PlyCount "86"]

1.d4 Nf6 2.c4 g6 3.Nc3 Bg7 4.e4 d6 5.Be2 O-O 6.Bg5 Na6 7.Qd2 e5 8.d5 c6 9.h4
cxd5 10.cxd5 h5 11.f3 Bd7 12.Nh3 Qb6 13.Be3 Nc5 14.Nf2 Rfc8 15.Nd3 Qd8 16.Nxc5
dxc5 17.O-O-O c4 18.Bg5 b5 19.Nb1 Qb6 20.Be3 Qd6 21.Qa5 b4 22.a3 Bf8 23.axb4
Qxb4 24.Qxb4 Bxb4 25.Bd2 Bc5 26.Bc3 Ba4 27.Rdf1 Bd4 28.Bd1 Bd7 29.Na3 Rab8
30.Kd2 Ne8 31.Bc2 Nd6 32.f4 Re8 33.fxe5 Bxe5 34.Re1 Bf4+ 35.Ke2 Bg3 36.Kf3 Bxe1
37.Rxe1 f6 38.Kf4 Rf8 39.Bd4 Nb5 40.Bc5 Rfc8 41.Be7 Kf7 42.d6 Nd4 43.e5 Rxb2

[Event "Aut_2.Bundesliga_Ost_2003/04"]
[Site "Bruck/Leitha (1+2), Wien (3+4), Eichgraben (5-7), Wien (8+9), Eichgraben (10+11)"]
[Date "2003.12.06"]
[Round "5"]
[Board "1"]
[White "Palkoevi, Jozsef"]
[Black "Srienz, Christian"]
[Result "1/2-1/2"]
[WhiteElo "2428"]
[BlackElo "2222"]
[PlyCount "101"]

1.e4 c5 2.c3 Nf6 3.e5 Nd5 4.d4 cxd4 5.Nf3 Nc6 6.cxd4 d6 7.Bc4 Nb6 8.Bb3 dxe5
9.d5 Na5 10.Nc3 Nxb3 11.Qxb3 e6 12.Nxe5 exd5 13.Be3 Bd6 14.Qb5+ Bd7 15.Nxd7 Qxd7
16.O-O Rd8 17.Rad1 O-O 18.Qxd7 Rxd7 19.Bxb6 axb6 20.Rxd5 Rfd8 21.Rfd1 Kf8 22.Kf1
Ke7 23.Ke2 f6 24.Rh5 Kf7 25.Rxh7 b5 26.Nxb5 Bf4 27.Rxd7+ Rxd7 28.Rh4 Rd2+ 29.Ke1
Rxb2 30.Rxf4 Rxb5 31.Rd4 Ke6 32.Ke2 Rh5 33.h3 Ra5 34.Rd2 Ra3 35.Rb2 Kd5 36.Rxb7
Rxa2+ 37.Kf3 g6 38.h4 Ra3+ 39.Kf4 Ra4+ 40.Kg3 Ra3+ 41.f3 Ke6 42.Rg7 Kf5 43.Kh3
Rb3 44.g4+ Kf4 45.Rxg6 Rxf3+ 46.Kh2 Ra3 47.h5 f5 48.g5 Ra2+ 49.Kh3 Ra3+ 50.Kg2
Rg3+ 51.Kf2

[Event "Aut_2.Bundesliga_Ost_2003/04"]
[Site "Bruck/Leitha (1+2), Wien (3+4), Eichgraben (5-7), Wien (8+9), Eichgraben (10+11)"]
[Date "2003.12.06"]
[Round "5"]
[Board "2"]
[White "Schorn, Christoph"]
[Black "Rumpl, Erwin"]
[Result "0-1"]
[WhiteElo "2215"]
[BlackElo "2254"]
[PlyCount "58"]

1.e4 d6 2.d4 Nf6 3.Nc3 c6 4.f4 Qa5 5.Bd3 e5 6.Nf3 Nbd7 7.O-O Be7 8.Kh1 O-O 9.Qe1
Re8 10.Bd2 exd4 11.Nxd4 Qc7 12.Qg3 Nc5 13.Rae1 Nxd3 14.cxd3 Bd7 15.e5 Nd5
16.Nxd5 cxd5 17.f5 dxe5 18.f6 Bf8 19.Bh6 g6 20.Qg5 Bd6 21.Nf5 Bxf5 22.Rxf5 e4
23.Rxd5 exd3 24.Rd1 Rad8 25.R5xd3 Bf4 26.Qxf4 Rxd3 27.Qf1 Rxd1 28.Qxd1 Qa5
29.Qd2 Re1+

[Event "Aut_2.Bundesliga_Ost_2003/04"]
[Site "Bruck/Leitha (1+2), Wien (3+4), Eichgraben (5-7), Wien (8+9), Eichgraben (10+11)"]
[Date "2003.12.06"]
[Round "5"]
[Board "3"]
[White "Gugler, Edgar"]
[Black "Thoma, Wilhelm Jun."]
[Result "1/2-1/2"]
[WhiteElo "2242"]
[BlackElo "2161"]
[PlyCount "69"]

1.d4 d5 2.Nf3 Nf6 3.Bf4 c5 4.c3 Qb6 5.Qb3 Nc6 6.e3 c4 7.Qc2 Bf5 8.Qc1 e6 9.h3
Be7 10.Nbd2 h6 11.Be2 Ne4 12.Nxe4 Bxe4 13.O-O O-O 14.Nd2 Bh7 15.e4 Qd8 16.Bf3
Bg5 17.Bxg5 Qxg5 18.Re1 Rad8 19.exd5 exd5 20.Nf1 Qxc1 21.Raxc1 b5 22.Ra1 Rd7
23.Ne3 Be4 24.a4 Bxf3 25.axb5 Nxd4 26.cxd4 Bh5 27.Ra5 Rb8 28.g4 Bg6 29.Nd1 f5
30.Nc3 fxg4 31.hxg4 Rf8 32.Re6 Bd3 33.Rea6 Rdf7 34.Rxa7 Rxf2 35.Ra8

[Event "Aut_2.Bundesliga_Ost_2003/04"]
[Site "Bruck/Leitha (1+2), Wien (3+4), Eichgraben (5-7), Wien (8+9), Eichgraben (10+11)"]
[Date "2003.12.06"]
[Round "5"]
[Board "4"]
[White "Schwaiger, Michael"]
[Black "Bachmayer, Josef"]
[Result "0-1"]
[WhiteElo "2084"]
[BlackElo "2170"]
[PlyCount "72"]

1.e4 e5 2.Nf3 Nc6 3.Bb5 Nf6 4.O-O Nxe4 5.Re1 Nd6 6.Nxe5 Nxe5 7.Rxe5+ Be7 8.Bd3
O-O 9.Nc3 Bf6 10.Re3 g6 11.b3 Re8 12.Ba3 Rxe3 13.fxe3 Ne8 14.Qf3 d5 15.Rf1 Be6
16.Ne2 Bg7 17.Nf4 Qd7 18.c4 c6 19.cxd5 cxd5 20.Bb5 Qxb5 21.Nxe6 fxe6 22.Qf7+ Kh8
23.Bb2 d4 24.Bxd4 e5 25.a4 Qb4 26.Bc3 Qd6 27.Qxb7 Rb8 28.Qxa7 Rxb3 29.Rf7 h6
30.Re7 Rb1+ 31.Kf2 Qf6+ 32.Kg3 Nd6 33.Rxe5 Qf8 34.Qd7 Kh7 35.Kh3 Rb7 36.Qc6 Bxe5

[Event "Aut_2.Bundesliga_Ost_2003/04"]
[Site "Bruck/Leitha (1+2), Wien (3+4), Eichgraben (5-7), Wien (8+9), Eichgraben (10+11)"]
[Date "2003.12.06"]
[Round "5"]
[Board "1"]
[White "Polak, Thomas"]
[Black "Tibensky, Robert"]
[Result "1/2-1/2"]
[WhiteElo "2490"]
[BlackElo "2405"]
[PlyCount "41"]

1.d4 d5 2.c4 c6 3.Nf3 Nf6 4.e3 g6 5.Nc3 Bg7 6.Bd3 O-O 7.O-O Bg4 8.h3 Bxf3 9.Qxf3
e6 10.Rd1 Nbd7 11.b3 Re8 12.Bb2 a6 13.g4 e5 14.cxd5 cxd5 15.dxe5 Nxe5 16.Qg2 Qa5
17.g5 d4 18.exd4 Nxd3 19.Rxd3 Nh5 20.Qg4 f6 21.gxf6

[Event "Aut_2.Bundesliga_Ost_2003/04"]
[Site "Bruck/Leitha (1+2), Wien (3+4), Eichgraben (5-7), Wien (8+9), Eichgraben (10+11)"]
[Date "2003.12.06"]
[Round "5"]
[Board "2"]
[White "Wallner, Joachim"]
[Black "Groetz, Harald"]
[Result "1/2-1/2"]
[WhiteElo "2297"]
[BlackElo "2359"]
[PlyCount "46"]

1.e4 c5 2.Nf3 d6 3.d4 cxd4 4.Nxd4 Nf6 5.Nc3 Nc6 6.Bc4 e6 7.Be3 Be7 8.Qe2 Bd7
9.O-O-O Rc8 10.f4 Na5 11.Bd3 a6 12.g4 Rxc3 13.bxc3 d5 14.e5 Ne4 15.Bxe4 dxe4
16.Nb3 Qc7 17.Qf2 O-O 18.Bb6 Qxc3 19.Qd4 Nxb3+ 20.axb3 Qxd4 21.Rxd4 Bc6 22.Rhd1
f6 23.Bc7 fxe5

[Event "Aut_2.Bundesliga_Ost_2003/04"]
[Site "Bruck/Leitha (1+2), Wien (3+4), Eichgraben (5-7), Wien (8+9), Eichgraben (10+11)"]
[Date "2003.12.06"]
[Round "5"]
[Board "3"]
[White "Hangweyrer, Manfred"]
[Black "Ganaus, Hannes"]
[Result "1/2-1/2"]
[WhiteElo "2303"]
[BlackElo "2349"]
[PlyCount "151"]

1.g3 d5 2.Bg2 c6 3.Nf3 Bg4 4.d3 Nd7 5.Nbd2 e6 6.h3 Bh5 7.e4 Bd6 8.Qe2 Qb6 9.Nb3
a5 10.Be3 Qa6 11.exd5 cxd5 12.a4 Ne7 13.g4 Bg6 14.Bd2 Nc6 15.Nh4 Be7 16.Nxg6
hxg6 17.Bc3 Kf8 18.O-O Qb6 19.Qe3 Bb4 20.Qxb6 Nxb6 21.Nd4 Rc8 22.Nxc6 bxc6
23.Rfb1 Nd7 24.Bd4 e5 25.Bc3 Ke7 26.d4 Rb8 27.Bxb4+ Rxb4 28.dxe5 Rhb8 29.b3 Nxe5
30.Re1 Kd6 31.Rad1 g5 32.Re3 f6 33.Bf1 Rf4 34.Kg2 Rbb4 35.Bd3 Rb8 36.Bf5 Kc5
37.Rg3 Rd8 38.c3 Rb8 39.Bc2 Kd6 40.Re3 Rd8 41.Kg3 Rd7 42.Kg2 Kc5 43.Bf5 Rd6
44.Rc1 Rd8 45.Bc2 Rb8 46.Bd1 Kd6 47.Bc2 Kc7 48.Rd1 Rd8 49.Rd2 d4 50.cxd4 Rdxd4
51.Rxd4 Rxd4 52.Rc3 Kd6 53.Kg3 c5 54.f3 Nc6 55.Be4 Nd8 56.Bf5 Nc6 57.Be4 Rb4
58.Bd3 Ne5 59.Bb5 Kd5 60.Kf2 g6 61.Ke2 f5 62.Kd2 Rd4+ 63.Ke2 Rf4 64.Ba6 Rb4
65.Bb5 f4 66.Kd2 Kd4 67.Kc2 c4 68.bxc4 Kc5 69.Be8 Rxc4 70.Kb3 Rxc3+ 71.Kxc3 Nxf3
72.Bxg6 Ng1 73.Kb3 Nf3 74.Bd3 Ne5 75.Kc3 Nf7 76.Bf5

[Event "Aut_2.Bundesliga_Ost_2003/04"]
[Site "Bruck/Leitha (1+2), Wien (3+4), Eichgraben (5-7), Wien (8+9), Eichgraben (10+11)"]
[Date "2003.12.06"]
[Round "5"]
[Board "4"]
[White "Franzen, Jozef"]
[Black "Batyte, Daiva"]
[Result "1-0"]
[WhiteElo "2402"]
[BlackElo "2170"]
[PlyCount "105"]

1.g3 Nf6 2.Bg2 e5 3.b3 Bc5 4.Bb2 Nc6 5.e3 d5 6.d3 O-O 7.Nd2 Bg4 8.Ne2 d4 9.e4
Qd7 10.h3 Be6 11.a3 Ne8 12.g4 a5 13.Ng3 Nd6 14.Nf3 f6 15.O-O Ne7 16.Bc1 Nb5
17.Nh2 Ng6 18.Nh5 Qd6 19.f4 exf4 20.Nxf4 Bf7 21.a4 Nc3 22.Qe1 c6 23.Kh1 Bb4
24.Qf2 Ne5 25.Nf3 Rad8 26.Nh4 g6 27.Nf3 b5 28.axb5 cxb5 29.Bd2 Qd7 30.Ne2 Nxf3
31.Qxf3 Be6 32.Nxc3 dxc3 33.Be3 a4 34.bxa4 bxa4 35.d4 Bc4 36.Rfb1 Qb5 37.d5 Qa5
38.Bd4 a3 39.Qg3 a2 40.Re1 Qa4 41.g5 Bd6 42.Qxc3 fxg5 43.Bf6 Rc8 44.Qd4 Qxc2
45.e5 Bc5 46.Qg4 Rfe8 47.Rec1 Qb2 48.Qxc4 Be3 49.Qxc8 Rxc8 50.Rxc8+ Kf7 51.Rf1
Bf4 52.Ra8 h6 53.Ra7+

[Event "Aut_2.Bundesliga_Ost_2003/04"]
[Site "Bruck/Leitha (1+2), Wien (3+4), Eichgraben (5-7), Wien (8+9), Eichgraben (10+11)"]
[Date "2003.12.06"]
[Round "5"]
[Board "5"]
[White "Schirmbeck, Hannes"]
[Black "Fusi, Christoph"]
[Result "0-1"]
[WhiteElo "2117"]
[BlackElo "2241"]
[PlyCount "68"]

1.e4 c5 2.Nf3 Nc6 3.d4 cxd4 4.Nxd4 Nf6 5.Nc3 e5 6.Ndb5 d6 7.Nd5 Nxd5 8.exd5 Ne7
9.c4 Nf5 10.Be2 Be7 11.O-O a6 12.Nc3 O-O 13.b4 Bd7 14.Bb2 Qb6 15.Ne4 Qxb4 16.Rb1
Qa4 17.Qd3 Rfc8 18.f4 b5 19.fxe5 Qxc4 20.Qf3 Qc7 21.g4 Nh6 22.Qf4 dxe5 23.Bxe5
Qb6+ 24.Kh1 Qg6 25.g5 Bf5 26.gxh6 Bxe4+ 27.Bf3 Bxb1 28.Rg1 Qf5 29.Rxg7+ Kf8
30.Qxf5 Bxf5 31.d6 Bh4 32.Bxa8 Rxa8 33.Kg2 Bg6 34.d7 Rd8

[Event "Aut_2.Bundesliga_Ost_2003/04"]
[Site "Bruck/Leitha (1+2), Wien (3+4), Eichgraben (5-7), Wien (8+9), Eichgraben (10+11)"]
[Date "2003.12.06"]
[Round "5"]
[Board "6"]
[White "Zetthofer, Gerald"]
[Black "Sadilek, Maximilian"]
[Result "0-1"]
[WhiteElo "2225"]
[BlackElo "2064"]
[PlyCount "60"]

1.d4 d5 2.c4 e6 3.Nc3 c5 4.cxd5 cxd4 5.Qxd4 Nc6 6.Qd1 exd5 7.Qxd5 Bd7 8.a3 Nf6
9.Qd1 Bc5 10.e3 Qe7 11.Nf3 O-O-O 12.Qc2 Kb8 13.Be2 g5 14.b4 Bb6 15.Na4 Bc7
16.Nc5 g4 17.Nd2 Rhe8 18.Bb2 Nd5 19.Nxd7+ Rxd7 20.O-O-O Be5 21.Nc4 Rc8 22.Bxg4
Ncxb4 23.Bxd7 Bxb2+ 24.Kxb2 Nxc2 25.Bxc8 Qf6+ 26.Kxc2 Qc3+ 27.Kb1 Qxc4 28.Rd2
Nc3+ 29.Ka1 Qb3 30.Be6 fxe6

[Event "Aut_2.Bundesliga_Ost_2003/04"]
[Site "Bruck/Leitha (1+2), Wien (3+4), Eichgraben (5-7), Wien (8+9), Eichgraben (10+11)"]
[Date "2003.12.06"]
[Round "5"]
[Board "1"]
[White "Gross, Stefan"]
[Black "Brestian, Egon"]
[Result "1-0"]
[WhiteElo "2290"]
[BlackElo "2431"]
[PlyCount "79"]

1.Nf3 c5 2.c4 g6 3.d4 cxd4 4.Nxd4 Bg7 5.e4 d6 6.Nc3 Nc6 7.Be3 Nf6 8.Be2 O-O
9.O-O Nxd4 10.Bxd4 Bd7 11.Qd2 Bc6 12.f3 Nd7 13.Be3 a5 14.b3 Nc5 15.Rab1 Qb6
16.Nb5 f5 17.exf5 gxf5 18.a3 f4 19.Bf2 Qd8 20.Nd4 Bd7 21.b4 axb4 22.axb4 Ne6
23.Nb5 Kh8 24.Rfd1 Qe8 25.Nc3 Ra3 26.Nd5 Be5 27.Nb6 Rg8 28.Kh1 Qg6 29.Bf1 Be8
30.Nd5 Rg7 31.Bh4 Rxf3 32.Bxe7 Rh3 33.Qf2 Rh5 34.Re1 Bd4 35.Qf3 Re5 36.Bd3 Qh6
37.Bf6 Rxe1+ 38.Rxe1 Bxf6 39.Rxe6 Bh5 40.Nxf6

[Event "Aut_2.Bundesliga_Ost_2003/04"]
[Site "Bruck/Leitha (1+2), Wien (3+4), Eichgraben (5-7), Wien (8+9), Eichgraben (10+11)"]
[Date "2003.12.06"]
[Round "5"]
[Board "2"]
[White "Lipka, Juraj"]
[Black "Neumeier, Klaus"]
[Result "1/2-1/2"]
[WhiteElo "2417"]
[BlackElo "2280"]
[PlyCount "81"]

1.e4 e5 2.Nf3 Nc6 3.Bb5 a6 4.Bxc6 dxc6 5.O-O Qd6 6.Na3 Be6 7.Qe2 f6 8.Nc4 Qd7
9.Rd1 c5 10.c3 g5 11.d4 g4 12.Nh4 cxd4 13.cxd4 exd4 14.Nf5 d3 15.Rxd3 Bxc4
16.Rxd7 Bxe2 17.Rxc7 Bb5 18.Bf4 Bd7 19.Re1 Bxf5 20.exf5+ Be7 21.Rxb7 h5 22.b4
Kf8 23.a4 Rh7 24.b5 axb5 25.axb5 Ra4 26.g3 Rf7 27.b6 Rb4 28.Rb8+ Kg7 29.b7 Bf8
30.Ree8 Rfxb7 31.Rxf8 Rxb8 32.Rxb8 Rxb8 33.Bxb8 Ne7 34.Kg2 Nxf5 35.h3 Nd4
36.hxg4 hxg4 37.Bc7 Nf3 38.Kf1 Kg6 39.Ke2 Kf5 40.Ke3 Ne5 41.Bb8

[Event "Aut_2.Bundesliga_Ost_2003/04"]
[Site "Bruck/Leitha (1+2), Wien (3+4), Eichgraben (5-7), Wien (8+9), Eichgraben (10+11)"]
[Date "2003.12.06"]
[Round "5"]
[Board "3"]
[White "Hechl, Gerald"]
[Black "Alvir, Aco"]
[Result "1/2-1/2"]
[WhiteElo "2228"]
[BlackElo "2374"]
[PlyCount "24"]

1.d4 Nf6 2.Bg5 e6 3.e4 h6 4.Bxf6 Qxf6 5.Nc3 d6 6.Qd2 g5 7.O-O-O Bg7 8.g3 Nc6
9.Nb5 Qd8 10.c3 a6 11.Na3 d5 12.e5 b6

[Event "Aut_2.Bundesliga_Ost_2003/04"]
[Site "Bruck/Leitha (1+2), Wien (3+4), Eichgraben (5-7), Wien (8+9), Eichgraben (10+11)"]
[Date "2003.12.06"]
[Round "5"]
[Board "4"]
[White "Kuthan, Andreas"]
[Black "Wanderer, Thomas"]
[Result "1-0"]
[WhiteElo "2237"]
[BlackElo "2215"]
[PlyCount "47"]

1.e4 c5 2.Nf3 Nc6 3.c3 Nf6 4.e5 Nd5 5.d4 cxd4 6.Bc4 Nb6 7.Bb3 e6 8.cxd4 Bb4+
9.Nc3 d6 10.exd6 Qxd6 11.O-O Bxc3 12.bxc3 O-O 13.Re1 Nd5 14.Qd3 Nf4 15.Qe4 Ng6
16.h4 Re8 17.h5 Nf8 18.h6 g6 19.d5 f5 20.Qa4 Nd8 21.dxe6 Nc6 22.Ba3 b5 23.e7+
Ne6 24.Bxd6

[Event "Aut_2.Bundesliga_Ost_2003/04"]
[Site "Bruck/Leitha (1+2), Wien (3+4), Eichgraben (5-7), Wien (8+9), Eichgraben (10+11)"]
[Date "2003.12.06"]
[Round "5"]
[Board "5"]
[White "Pichler, Michael"]
[Black "Travenec, Igor"]
[Result "1-0"]
[WhiteElo "2172"]
[BlackElo "2234"]
[PlyCount "73"]

1.e4 e6 2.d4 d5 3.Nc3 Bb4 4.e5 c5 5.a3 Bxc3+ 6.bxc3 Qc7 7.Nf3 Ne7 8.a4 b6 9.Bb5+
Bd7 10.O-O Bxb5 11.axb5 Nd7 12.Ng5 Nf8 13.c4 h6 14.cxd5 Nxd5 15.Ne4 Nd7 16.Nd6+
Ke7 17.c4 Nb4 18.Ba3 a5 19.Bxb4 cxb4 20.f4 g6 21.Qe1 Kf8 22.g4 Kg7 23.f5 Rhf8
24.Qh4 g5 25.Qh5 Nxe5 26.f6+ Kh7 27.dxe5 Qc5+ 28.Kh1 Qxe5 29.Nxf7 Qe4+ 30.Kg1
Qg6 31.Qxg6+ Kxg6 32.Ne5+ Kh7 33.Nd7 Rf7 34.Nxb6 Raa7 35.c5 Kg6 36.c6 b3 37.Nd7

[Event "Aut_2.Bundesliga_Ost_2003/04"]
[Site "Bruck/Leitha (1+2), Wien (3+4), Eichgraben (5-7), Wien (8+9), Eichgraben (10+11)"]
[Date "2003.12.06"]
[Round "5"]
[Board "6"]
[White "Froschauer, Hans"]
[Black "Mayr, Thomas"]
[Result "1/2-1/2"]
[WhiteElo "2120"]
[BlackElo "2106"]
[PlyCount "28"]

1.e4 e6 2.d4 d5 3.Nc3 Bb4 4.e5 c5 5.a3 Bxc3+ 6.bxc3 Ne7 7.Nf3 Qc7 8.Bd2 Nbc6
9.Bd3 c4 10.Be2 Bd7 11.Rb1 f6 12.exf6 gxf6 13.g3 O-O-O 14.O-O Rhg8

[Event "Aut_2.Bundesliga_Ost_2003/04"]
[Site "Bruck/Leitha (1+2), Wien (3+4), Eichgraben (5-7), Wien (8+9), Eichgraben (10+11)"]
[Date "2003.12.06"]
[Round "5"]
[Board "1"]
[White "Varga, Zoltan"]
[Black "Lau, Ralf"]
[Result "1/2-1/2"]
[WhiteElo "2564"]
[BlackElo "2497"]
[PlyCount "35"]

1.e4 d6 2.d4 Nf6 3.f3 d5 4.e5 Ng8 5.Be3 h5 6.c4 e6 7.Nc3 Ne7 8.Bg5 c6 9.Qd2 Qa5
10.a3 Na6 11.c5 b6 12.b4 Nxb4 13.Qb2 Na6 14.Bd2 bxc5 15.Nb5 Qb6 16.Nd6+ Kd7
17.Qc2 Rb8 18.Nxf7

[Event "Aut_2.Bundesliga_Ost_2003/04"]
[Site "Bruck/Leitha (1+2), Wien (3+4), Eichgraben (5-7), Wien (8+9), Eichgraben (10+11)"]
[Date "2003.12.06"]
[Round "5"]
[Board "2"]
[White "Wukits, Rene"]
[Black "Vavrak, Peter"]
[Result "1/2-1/2"]
[WhiteElo "2301"]
[BlackElo "2338"]
[PlyCount "85"]

1.d4 d5 2.c4 c6 3.Nf3 Nf6 4.Nc3 a6 5.Bg5 b5 6.cxd5 cxd5 7.Qb3 e6 8.e3 Be7 9.Bd3
O-O 10.O-O Nc6 11.Rfc1 Na5 12.Qc2 h6 13.Bh4 Bb7 14.Qe2 Nd7 15.Bg3 Rc8 16.Rc2 Nc6
17.a3 Na5 18.Na2 Qb6 19.Rxc8 Rxc8 20.Rc1 Nc4 21.Bb1 a5 22.h4 Ba6 23.Bd3 Bd6
24.Bxd6 Qxd6 25.Rc2 Rc6 26.Qe1 a4 27.Nb4 Rc8 28.Qc1 Bb7 29.Bf1 Nb8 30.Ne5 Bc6
31.Rc3 Be8 32.Bd3 Na6 33.Nxa6 Qxa6 34.Bb1 Rb8 35.Nd3 Qd6 36.Qc2 f5 37.Qe2 Bf7
38.Rc1 Qe7 39.g3 Qe8 40.Nf4 b4 41.axb4 Rxb4 42.Nd3 Rb8 43.Ba2

[Event "Aut_2.Bundesliga_Ost_2003/04"]
[Site "Bruck/Leitha (1+2), Wien (3+4), Eichgraben (5-7), Wien (8+9), Eichgraben (10+11)"]
[Date "2003.12.06"]
[Round "5"]
[Board "3"]
[White "Stranz, Richard"]
[Black "Kleiser, Gregor"]
[Result "1-0"]
[WhiteElo "2323"]
[BlackElo "2235"]
[PlyCount "79"]

1.e4 c5 2.Nf3 e6 3.d4 cxd4 4.Nxd4 a6 5.Bd3 Nf6 6.O-O Qc7 7.Nc3 d6 8.Qe2 Nbd7
9.Bd2 b5 10.a4 b4 11.Na2 d5 12.exd5 Nxd5 13.Nxe6 fxe6 14.Qxe6+ Ne7 15.Rfe1 Nf6
16.Qb3 Bb7 17.Nxb4 Ng4 18.g3 Qc5 19.Re2 Qh5 20.f4 Nf6 21.Bc4 Rc8 22.Nxa6 Qf3
23.Bb5+ Nd7 24.Qxf3 Bxf3 25.Re3 Bc6 26.Bxc6 Rxc6 27.Nb4 Rc8 28.a5 Kf7 29.Rc3
Rxc3 30.Bxc3 Nf5 31.Nd3 Bd6 32.a6 Nc5 33.Ne5+ Ke6 34.a7 Ra8 35.Nc4 Nb7 36.Ra6
Kd5 37.Nb6+ Ke4 38.Nxa8 Bc5+ 39.Kf1 Ne3+ 40.Ke2

[Event "Aut_2.Bundesliga_Ost_2003/04"]
[Site "Bruck/Leitha (1+2), Wien (3+4), Eichgraben (5-7), Wien (8+9), Eichgraben (10+11)"]
[Date "2003.12.06"]
[Round "5"]
[Board "4"]
[White "Kreindl, Helmut"]
[Black "Krpelan, Wolfgang"]
[Result "1/2-1/2"]
[WhiteElo "2219"]
[BlackElo "2232"]
[PlyCount "54"]

1.d4 c5 2.e3 e6 3.Nf3 Nf6 4.Bd3 b6 5.O-O Bb7 6.Nbd2 Nc6 7.Re1 Be7 8.c3 Qc7 9.g3
d6 10.e4 cxd4 11.cxd4 Rc8 12.e5 dxe5 13.dxe5 Nd7 14.Qe2 Nc5 15.Bb1 Ba6 16.Qe3
Rd8 17.Qc3 Nd3 18.Re3 Nf4 19.Be4 Nd5 20.Qc2 Bc5 21.Re1 Qd7 22.b4 Nd4 23.Nxd4
Bxd4 24.Bb2 Bxb2 25.Qxb2 Nxb4 26.Nf3 Nd3 27.Bxd3 Qxd3

[Event "Aut_2.Bundesliga_Ost_2003/04"]
[Site "Bruck/Leitha (1+2), Wien (3+4), Eichgraben (5-7), Wien (8+9), Eichgraben (10+11)"]
[Date "2003.12.06"]
[Round "5"]
[Board "5"]
[White "Ranits, Franz"]
[Black "Schwaninger, Wolfgang"]
[Result "0-1"]
[WhiteElo "2250"]
[BlackElo "2226"]
[PlyCount "141"]

1.e4 g6 2.d4 Bg7 3.Nc3 d6 4.Be3 c6 5.Qd2 Nd7 6.f3 a6 7.h4 h5 8.Nh3 b5 9.a3 Qc7
10.Nf2 Ngf6 11.Be2 Bb7 12.O-O-O c5 13.dxc5 Nxc5 14.Kb1 Rc8 15.Nd3 Nxd3 16.Bxd3
Nd7 17.Nd5 Bxd5 18.exd5 Nb6 19.Bxb6 Qxb6 20.Qb4 Qc5 21.g4 Bf6 22.Qe4 hxg4
23.Qxg4 Kd8 24.h5 gxh5 25.Rxh5 Kc7 26.Bf5 Rcg8 27.Rxh8 Rxh8 28.Bd7 Rh2 29.Bf5
Qe3 30.Bc8 e6 31.Bxa6 Qe2 32.Rc1 Kb6 33.Bc8 Qe5 34.Qb4 Qxd5 35.a4 Rh4 36.Qxb5+
Qxb5 37.axb5 Kxb5 38.Bd7+ Kc5 39.Be8 Rh7 40.Rd1 Be5 41.Rg1 f6 42.c3 d5 43.Rg2
Rh3 44.Rf2 Bg3 45.Re2 e5 46.Bd7 Rh1+ 47.Kc2 Rf1 48.Bg4 Rg1 49.Bh3 Bf4 50.Rg2 Rf1
51.Bg4 Kc4 52.b3+ Kc5 53.Kd3 Rd1+ 54.Kc2 Ra1 55.Kd3 Rd1+ 56.Kc2 Rf1 57.Kd3 f5
58.Bxf5 Rxf3+ 59.Kc2 e4 60.Bg4 Re3 61.Rf2 Be5 62.b4+ Kd6 63.Kb3 Rxc3+ 64.Ka4 Rg3
65.Bf5 Bd4 66.Rd2 Ke5 67.Bc8 Be3 68.Rh2 d4 69.Bb7 d3 70.Kb3 Rg1 71.Rh5+

[Event "Aut_2.Bundesliga_Ost_2003/04"]
[Site "Bruck/Leitha (1+2), Wien (3+4), Eichgraben (5-7), Wien (8+9), Eichgraben (10+11)"]
[Date "2003.12.06"]
[Round "5"]
[Board "6"]
[White "Ponjican, Erich"]
[Black "Galavics, Hermann"]
[Result "1/2-1/2"]
[WhiteElo "2115"]
[BlackElo "2086"]
[PlyCount "103"]

1.e4 e6 2.d4 d5 3.Nc3 dxe4 4.Nxe4 Nd7 5.Nf3 Ngf6 6.Nxf6+ Nxf6 7.Bg5 c5 8.Bb5+
Bd7 9.Bxd7+ Qxd7 10.Bxf6 gxf6 11.c3 Rg8 12.O-O cxd4 13.Qxd4 Qxd4 14.Nxd4 O-O-O
15.Rfd1 Rg5 16.Nc2 Rgd5 17.Rxd5 Rxd5 18.Nd4 Bc5 19.Nf3 Kc7 20.Kf1 a6 21.c4 Rd7
22.Ke2 Rd8 23.Ne1 Rd4 24.b3 Re4+ 25.Kf1 Rd4 26.Nf3 Rd3 27.Rc1 Ba3 28.Rc2 Bb4
29.Ke2 Rd8 30.h3 Rg8 31.g3 Rd8 32.g4 h5 33.Ng1 hxg4 34.hxg4 Rg8 35.f3 f5 36.g5
Rxg5 37.Nh3 Rg2+ 38.Nf2 Bc5 39.Ke1 Kc6 40.Kf1 Rxf2+ 41.Rxf2 Bxf2 42.Kxf2 Kc5
43.Ke3 e5 44.a3 a5 45.Kd3 b6 46.Kc3 f4 47.b4+ axb4+ 48.axb4+ Kc6 49.Kd2 b5 50.c5
Kd5 51.Kd3 f5 52.Ke2

[Event "Aut_2.Bundesliga_Ost_2003/04"]
[Site "Bruck/Leitha (1+2), Wien (3+4), Eichgraben (5-7), Wien (8+9), Eichgraben (10+11)"]
[Date "2003.12.06"]
[Round "5"]
[Board "1"]
[White "Jansa, Vlastimil"]
[Black "Blatny, Pavel"]
[Result "0-1"]
[WhiteElo "2477"]
[BlackElo "2452"]
[PlyCount "68"]

1.e4 b6 2.d4 Bb7 3.Nc3 e6 4.Bd3 Nf6 5.Nge2 c5 6.O-O Qc8 7.dxc5 bxc5 8.b3 Nc6
9.Bb2 Nb4 10.Nf4 Bd6 11.Nh5 Nxh5 12.Qxh5 Nxd3 13.cxd3 Qc6 14.Rac1 O-O 15.Na4 f5
16.Rfe1 Qb5 17.Rc4 Be7 18.exf5 Rxf5 19.Qxf5 exf5 20.Rxe7 Kf8 21.Rxg7 Re8 22.h4
Ba8 23.Rc1 Re7 24.Rxc5 Re1+ 25.Kh2 Qb8+ 26.Rg3 Bc6 27.Bg7+ Kf7 28.Bh6 Qb4 29.Bg5
h6 30.Bd8 Qd4 31.Rc2 Qa1 32.Re3 Rh1+ 33.Kg3 Qg7+ 34.Kf4 Qd4+

[Event "Aut_2.Bundesliga_Ost_2003/04"]
[Site "Bruck/Leitha (1+2), Wien (3+4), Eichgraben (5-7), Wien (8+9), Eichgraben (10+11)"]
[Date "2003.12.06"]
[Round "5"]
[Board "2"]
[White "Penz, Harald"]
[Black "Staudner, Oliver"]
[Result "1/2-1/2"]
[WhiteElo "2307"]
[BlackElo "2359"]
[PlyCount "26"]

1.e4 e6 2.d4 d5 3.Nd2 a6 4.Ngf3 c5 5.exd5 exd5 6.c3 Nc6 7.dxc5 Bxc5 8.Nb3 Ba7
9.Bd3 Nf6 10.O-O O-O 11.Re1 Bg4 12.Be3 Ne5 13.Be2 Bxe3

[Event "Aut_2.Bundesliga_Ost_2003/04"]
[Site "Bruck/Leitha (1+2), Wien (3+4), Eichgraben (5-7), Wien (8+9), Eichgraben (10+11)"]
[Date "2003.12.06"]
[Round "5"]
[Board "3"]
[White "Schumi, Manfred"]
[Black "Janetschek, Karl"]
[Result "1/2-1/2"]
[WhiteElo "2220"]
[BlackElo "2254"]
[PlyCount "65"]

1.e4 c5 2.Nf3 d6 3.d4 cxd4 4.Nxd4 Nf6 5.Nc3 a6 6.Be3 e5 7.Nf3 Be7 8.Bc4 O-O
9.O-O Nbd7 10.Qd3 b5 11.Bd5 Rb8 12.Ba7 Nxd5 13.Nxd5 Ra8 14.Be3 Bb7 15.c4 bxc4
16.Qxc4 Rc8 17.Qd3 Bxd5 18.Qxd5 Nf6 19.Qd3 Qa5 20.Bg5 Rc6 21.Rfd1 h6 22.Bxf6
Bxf6 23.Nd2 Qb5 24.Qxb5 axb5 25.Rac1 Rfc8 26.Nb3 Bg5 27.Rxc6 Rxc6 28.g3 h5 29.h4
Bh6 30.Rd5 b4 31.a4 bxa3 32.bxa3 Ra6 33.Na5